000 00386nam a2200157Ia 4500
008 221030s9999 xx 000 0 und d
020 _a007099319X
041 _aEnglish
082 _a105.23
_bGil
100 _aB. E. Gillett
245 0 _aIntroduction to Operations Research
_cby B. E. Gillett
260 _bTMH
_aNew Delhi
_c2002
300 _a617
650 _aManagement
942 _cBK
999 _c343
_d343